[Event "12. Süder Sommerpokal"]
[Site "Recklinghausen"]
[Date "2001.08.04"]
[Round "1"]
[White "Kotlar, Alfred"]
[Black "Wolters, Gunnar"]
[Result "1-0"]
[WhiteElo "2057"]
[BlackElo "1432"]
[PlyCount "43"]
[EventDate "2001.08.04"]

1. e4 e5 2. Nf3 Nc6 3. Bc4 Bc5 4. a3 Nf6 5. d3 O-O 6. b4 Bb6 7. Bg5 d6 8. h3
Be6 9. Ba2 Bxa2 10. Rxa2 Nd4 11. O-O c6 12. Nxd4 Bxd4 13. c3 Bb6 14. Kh1 d5 15.
f4 Bc7 16. fxe5 Bxe5 17. d4 h6 18. dxe5 hxg5 19. exf6 gxf6 20. exd5 Qd6 21.
Raf2 Kg7 22. Qd4 1-0

[Event "12. Süder Sommerpokal"]
[Site "Recklinghausen"]
[Date "2001.08.04"]
[Round "1"]
[White "Rolle, Harald"]
[Black "Stoven, Gilles-Noel"]
[Result "0-1"]
[WhiteElo "1418"]
[BlackElo "2051"]
[PlyCount "44"]
[EventDate "2001.08.04"]

1. e4 c5 2. Nc3 Nc6 3. Nf3 g6 4. d4 cxd4 5. Nxd4 Bg7 6. Nce2 Nf6 7. Ng3 O-O 8.
h3 d6 9. Be3 h5 10. Nf3 Nd7 11. c3 Qc7 12. Qd2 Nce5 13. Nh4 Nc4 14. Bxc4 Qxc4
15. f3 Nc5 16. Kf2 Nd3+ 17. Kg1 Bf6 18. Bg5 Qc5+ 19. Be3 Qb5 20. Nxh5 Bxh4 21.
Bd4 Qxh5 22. Qxd3 Bg3 0-1

[Event "12. Süder Sommerpokal"]
[Site "Recklinghausen"]
[Date "2001.08.04"]
[Round "1"]
[White "Siepmann, Martin"]
[Black "Shalimov, Vitalij"]
[Result "1-0"]
[WhiteElo "2048"]
[BlackElo "1409"]
[PlyCount "83"]
[EventDate "2001.08.04"]

1. Nf3 Nf6 2. c4 d6 3. Nc3 c5 4. g3 g6 5. Bg2 Bg7 6. O-O Nc6 7. Rb1 Bd7 8. a3
a5 9. h3 Qc8 10. Kh2 e5 11. d3 Na7 12. b4 axb4 13. axb4 cxb4 14. Rxb4 Rb8 15.
Be3 Nc6 16. Rb6 Be6 17. Ng5 O-O 18. Qd2 Nd7 19. Rb2 Nc5 20. Bxc5 dxc5 21. Nce4
Nb4 22. Nxc5 Qxc5 23. Ne4 Qd4 24. Rxb4 f5 25. Ng5 Bc8 26. Bd5+ Kh8 27. Nf7+
Rxf7 28. Bxf7 f4 29. Bd5 Bh6 30. Qb2 fxg3+ 31. fxg3 Qe3 32. Rf3 Qg5 33. c5 Bg7
34. Qb1 Qd2 35. Rb2 Qh6 36. Qf1 e4 37. dxe4 Bg4 38. Rxb7 Rxb7 39. Bxb7 Bxf3 40.
Qxf3 Bd4 41. Bd5 Kg7 42. Qf7+ 1-0

[Event "12. Süder Sommerpokal"]
[Site "Recklinghausen"]
[Date "2001.08.04"]
[Round "1"]
[White "Klees, Robert"]
[Black "Niebius, Norbert"]
[Result "0-1"]
[WhiteElo "1239"]
[BlackElo "2028"]
[PlyCount "44"]
[EventDate "2001.08.04"]

1. d4 Nf6 2. c4 g6 3. Nc3 d5 4. cxd5 Nxd5 5. e4 Nxc3 6. bxc3 Bg7 7. Bf4 c5 8.
Ne2 Nc6 9. dxc5 Qa5 10. Qc2 f5 11. f3 fxe4 12. fxe4 Qxc5 13. Rd1 Be6 14. Qb1 g5
15. Bd2 O-O 16. Rc1 Qf2+ 17. Kd1 Rad8 18. Qxb7 Rd6 19. c4 Rb8 20. Qc7 Qe3 21.
Rc2 Rb1+ 22. Nc1 Bg4+ 0-1

[Event "12. Süder Sommerpokal"]
[Site "Recklinghausen"]
[Date "2001.08.04"]
[Round "1"]
[White "Leveikina, Jevgenija"]
[Black "Nioduschewski, Nils"]
[Result "1-0"]
[WhiteElo "2021"]
[BlackElo "1212"]
[PlyCount "69"]
[EventDate "2001.08.04"]

1. d4 d5 2. c4 dxc4 3. Nf3 Nf6 4. Nc3 Nc6 5. e4 e6 6. Bg5 Be7 7. Bxc4 h6 8. Bh4
O-O 9. e5 Nd5 10. Bxe7 Ncxe7 11. Ne4 Nf5 12. O-O c6 13. Bb3 b5 14. Rc1 Bb7 15.
Nc5 Qe7 16. Bxd5 cxd5 17. g4 Nh4 18. Nxh4 Qxh4 19. Nxb7 f6 20. f3 f5 21. Qe1
Qg5 22. Nc5 Rae8 23. Qg3 Qe3+ 24. Qf2 Qg5 25. h4 Qg6 26. Qg2 fxg4 27. Qxg4 Qf7
28. f4 Qe7 29. Na6 Rf7 30. Rc7 Qxc7 31. Nxc7 Rxc7 32. b3 Rc6 33. f5 Kh7 34.
Qg6+ Kh8 35. Qxe8+ 1-0

[Event "12. Süder Sommerpokal"]
[Site "Recklinghausen"]
[Date "2001.08.04"]
[Round "1"]
[White "Klutschko, Oleg"]
[Black "Iounoussov, Maksim"]
[Result "0-1"]
[WhiteElo "1233"]
[BlackElo "2007"]
[PlyCount "50"]
[EventDate "2001.08.04"]

1. d4 d5 2. c4 e6 3. e3 c5 4. Bd3 Nf6 5. Ne2 Nc6 6. Nbc3 Bd6 7. O-O O-O 8. Re1
b6 9. cxd5 exd5 10. b3 Bb7 11. Bb2 a6 12. Rc1 cxd4 13. Nxd4 Ne5 14. Bc2 Rc8 15.
Nde2 Bb8 16. f3 Qd6 17. Nf4 Ng6 18. Nce2 Nxf4 19. Nxf4 Rfd8 20. Qd3 h6 21. a4
Qe7 22. Nh5 Be5 23. Nxf6+ Qxf6 24. Qh7+ Kf8 25. Ba3+ Bd6 0-1

[Event "12. Süder Sommerpokal"]
[Site "Recklinghausen"]
[Date "2001.08.04"]
[Round "1"]
[White "van Winsen, Joost"]
[Black "Selbach, Sascha"]
[Result "1-0"]
[WhiteElo "1800"]
[BlackElo "1199"]
[PlyCount "67"]
[EventDate "2001.08.04"]

1. c4 c5 2. Nc3 e6 3. e4 a6 4. g3 b6 5. Bg2 Bb7 6. Nge2 Qc7 7. O-O d6 8. f4 Nd7
9. d3 Ngf6 10. h3 Rc8 11. g4 h6 12. Ng3 g6 13. Qf3 h5 14. g5 h4 15. Nge2 Ng8
16. Qf2 Ne7 17. Be3 Bg7 18. Rae1 f5 19. gxf6 Nxf6 20. f5 gxf5 21. Nf4 Kd7 22.
exf5 Nxf5 23. Nxe6 Kxe6 24. Qxf5+ Kf7 25. Nd5 Qd8 26. Bg5 Rh5 27. Qe6+ Kg6 28.
Bxf6 Bxd5 29. Bxd8+ Bxe6 30. Rxe6+ Kh7 31. Be4+ Kg8 32. Re8+ Bf8 33. Rfxf8+ Kg7
34. Bf6+ 1-0

[Event "12. Süder Sommerpokal"]
[Site "Recklinghausen"]
[Date "2001.08.04"]
[Round "1"]
[White "Kötz, Jan"]
[Black "Gassmann, Volker"]
[Result "0-1"]
[WhiteElo "1150"]
[BlackElo "2188"]
[PlyCount "62"]
[EventDate "2001.08.04"]

1. d4 Nf6 2. Bf4 e6 3. c3 c5 4. Nf3 Nc6 5. e3 b6 6. Bc4 Bb7 7. O-O Be7 8. Na3
Nh5 9. Bg3 Nxg3 10. fxg3 O-O 11. Nc2 Rc8 12. Re1 Bf6 13. Be2 d6 14. Bd3 d5 15.
Rc1 Re8 16. Na1 e5 17. Bf5 Rc7 18. Qc2 e4 19. Nd2 Ree7 20. Re2 cxd4 21. cxd4
Nxd4 22. exd4 Bxd4+ 23. Kh1 Rxc2 24. Rxc2 g6 25. Bh3 f5 26. Ndb3 Bg7 27. Re3 d4
28. Rd2 Rd7 29. Re1 d3 30. g4 Qh4 31. Rg1 e3 0-1

[Event "12. Süder Sommerpokal"]
[Site "Recklinghausen"]
[Date "2001.08.04"]
[Round "1"]
[White "Fahnenschmidt, Willi"]
[Black "Krassontowitsch, Valentin"]
[Result "1-0"]
[WhiteElo "2130"]
[BlackElo "1020"]
[PlyCount "39"]
[EventDate "2001.08.04"]

1. d4 d5 2. g3 Nf6 3. Bg2 e6 4. Nf3 Bd6 5. O-O O-O 6. c4 c6 7. b3 Nbd7 8. Nc3
Rb8 9. Re1 b5 10. c5 Bc7 11. b4 e5 12. dxe5 Nxe5 13. Nd4 a5 14. a3 Bg4 15. f4
Qe7 16. fxe5 Bxe5 17. Bf4 Bxf4 18. gxf4 Bh3 19. Qd3 Bxg2 20. Kxg2 1-0